<?xml version="1.0" encoding="UTF-8"?>
<marc:record xmlns:marc="http://www.loc.gov/MARC21/slim">
   <marc:leader>00000nam a2200000 a 4500</marc:leader>
   <marc:datafield ind1="1" ind2=" " tag="100">
      <marc:subfield code="a">Huppertz, Nikola</marc:subfield>
      <marc:subfield code="4">aut</marc:subfield>
      <marc:subfield code="e">Verfasser/-in</marc:subfield>
   </marc:datafield>
   <marc:datafield ind1="1" ind2=" " tag="100">
      <marc:subfield code="a">Bayer, Michael</marc:subfield>
   </marc:datafield>
   <marc:datafield ind1="0" ind2="0" tag="245">
      <marc:subfield code="a">Biete Bruder! Suche Hund!</marc:subfield>
   </marc:datafield>
   <marc:datafield ind1=" " ind2="1" tag="264">
      <marc:subfield code="b">Julius Beltz GmbH &amp; Co. KG</marc:subfield>
      <marc:subfield code="c">2018</marc:subfield>
   </marc:datafield>
   <marc:datafield ind1="1" ind2=" " tag="520">
      <marc:subfield code="a">Einmal einen Hund haben! Dafür würde Janne sogar ihren kleinen Bruder tauschen. Plötzlich ist Jannes größter Traum zum Greifen nah, denn ihre Freundin verreist und sucht eine Wochenendherberge für den Dackel Trinchen. Jannes Eltern jedoch stellen sich quer. Wie ungerecht! Janne sieht nur einen Ausweg: Sie muss Trinchen heimlich zu sich holen. Doch schon bald stecken die beiden in einem haarsträubenden Abenteuer mit Geheimagenten, fiesen Entführern und mysteriösen Nachbarn. Und als es brenzlig wird, ist es ausgerechnet Jannes nerviger kleiner Bruder Emil, der sich als nützlicher Verbündeter erweist</marc:subfield>
   </marc:datafield>
   <marc:datafield ind1=" " ind2=" " tag="020">
      <marc:subfield code="a">9783407748799</marc:subfield>
      <marc:subfield code="9">9783407748799</marc:subfield>
   </marc:datafield>
   <marc:datafield ind1="3" ind2=" " tag="024">
      <marc:subfield code="a">9783407748799</marc:subfield>
   </marc:datafield>
   <marc:datafield ind1=" " ind2=" " tag="041">
      <marc:subfield code="a">ger</marc:subfield>
   </marc:datafield>
   <marc:datafield ind1=" " ind2=" " tag="300">
      <marc:subfield code="a">144 S.</marc:subfield>
   </marc:datafield>
</marc:record>
